Online Catalogue and eLibrary

Karaththaya (Record no. 4787)

MARC details
000 -LEADER
fixed length control field 00359nam a2200157Ia 4500
005 - DATE AND TIME OF LATEST TRANSACTION
control field 20250703152140.0
008 - FIXED-LENGTH DATA ELEMENTS--GENERAL INFORMATION
fixed length control field 240331s9999 xx 000 0 und d
020 ## - INTERNATIONAL STANDARD BOOK NUMBER
ISBN 9559538209
082 ## - DDC Classification
Item Number - Author Mark BAL
Class No. 891
100 ## - MAIN ENTRY--PERSONAL NAME
Personal name Balasuriya,S
245 #0 - TITLE STATEMENT
Title Karaththaya
260 ## - PUBLICATION, DISTRIBUTION, ETC.
Name of publisher, distributor, etc. Author's Publication
Date of publication, distribution, etc. 1991
300 ## - PHYSICAL DESCRIPTION
Extent (e.g. Volumes, Pages etc.) 94 p .,
650 ## - SUBJECT ADDED ENTRY--TOPICAL TERM
Topical term or geographic name entry element Sinhala Story
942 ## - Koha item type (Biblio)
Koha item type Books in Stacks (Lending)
Holdings
Lost status Damaged status Collection code Home library Current library Shelving location Date acquired Full call number Accession Number Item type
    Lending WERC Library WERC Library Social Science Cupboard 03/31/2024 891.48 BAL 1068 Books in Stacks (Lending)

© WERC Library